Student personnel services in higher education.

Kaydedildi:
Detaylı Bibliyografya
Yazar: Shaffer, Robert H. (autor)
Diğer Yazarlar: Martinson, Wiliam D. (autor) (autor)
Materyal Türü: Kitap
Dil:İngilizce
Seri Bilgileri:(The library of education ;
Konular:
Etiketler: Etiketle
Etiket eklenmemiş, İlk siz ekleyin!

MARC

LEADER 00000nam^a2200000^u^4500
001 000496081
005 20250521000000.0
008 060126s1000^^^^^^^^^^^^r^^^^^000^0^spa^d
009 20260310125603.789
035 |a FCE 000039490 
037 |a Acervo ITESO - Biblioteca 
041 |a eng 
082 0 4 |a 082.1  |b LOE 82 
100 |a Shaffer, Robert H.  |e (autor) 
245 1 0 |a Student personnel services in higher education. 
264 |a New York :  |b The Center Applied Research in Education,  |c 1969. 
300 |a 115 p. 
336 |a texto  |b txt  |2 rdacontenido 
337 |a sin mediación  |b n  |2 rdamedio 
338 |a volumen  |b nc  |2 rdasoporte 
440 4 |a (The library of education ;  |n 82). 
649 |a XX 
650 |a Educación superior 
650 |a Administración de la educación 
650 |a Personal de educación 
650 |a Actividad escolar 
650 |a Estudiante 
650 |a Integración 
650 |a Servicios escolares 
700 |a Martinson, Wiliam D.  |e (autor) 
910 |a Fondo Centro de Estudios Educativos 
920 |a Impresos - Libros 
930 |a Fondos Especiales 
905 |a 133 
901 |a ALE039598  |b IT2  |c CEE  |u 20250521 
902 |a https://opac.biblio.iteso.mx/vufind/Record/000496081